000 00271nam a2200133Ia 4500
100 _aBeeley/P.R
942 _cBK
654 _aFoundry
245 _aFoundry Technology
260 _bButterworths
_aLondon
_c1972
082 _a671.2
300 _a544
546 _aENGLISH
999 _c32908
_d32908